| 000 | 00480nam a2200133Ia 4500 | ||
|---|---|---|---|
| 005 | 20260209120144.0 | ||
| 008 | 260209s9999||||xx |||||||||||||| ||und|| | ||
| 100 | _aKahkashan Jabin | ||
| 245 | 0 | _aCounter-terrorism measures analyzing human rights criminal jurisprudence | |
| 260 |
_aBangaloreBangalore _bNLSIU, Bangalore _c2021 |
||
| 300 | _a56 p. ; 25 cm. | ||
| 700 | _aMr. Kunal Ambasta - GuideMr. Kunal Ambasta - Guide | ||
| 856 | _uhttps://dans.nls.ac.in/handle/123456789/864 | ||
| 999 |
_c217499 _d217499 |
||